000 00702nam a22002297a 4500
999 _c159063
_d159063
005 20181129114224.0
006 a|||||f|||| 00| 0
007 tc
008 180720b xxu||||| |||| 00| 0 eng d
010 _aB-347945-B-347946
020 _c80.00
035 _aB-347945
037 _bA.I.C.B.
082 _aN
100 _aThapar, Romila
245 _aThe Past and Prejudice
_cby Romila Thapar
260 _aDelhi
_bA.C.I.B.
_cN.D.
270 _aSector-5, Rohini,
_bNew Delhi
_e110085
300 _avarious pages.
_c30cm(HB).
942 _2ddc
_cBRLEN
_hN
_mTHA